Des mots terminant en D - Statistiques

Statistiques générales
  • Ce quiz a été pris 104 fois
  • Le résultat moyen est 61 sur 165
Statistiques - réponses
Définition
Nbre de
lettres
Initiale Mot % Correct
Lampe 3 L Led
100%
Maison de l'oiseau 3 N Nid
100%
Moche 4 L Laid
92%
Maquillage 4 F Fard
89%
Gras de porc 4 L Lard
89%
Seigneur anglais 4 L Lord
89%
Midi 3 S Sud
89%
Cercle 4 R Rond
87%
Enfant de Chaplin 3 K Kid
85%
Lille y est 4 N Nord
85%
Palefrenier 3 L Lad
84%
Moto à 4 roues 4 Q Quad
84%
Malentendant 5 S Sourd
84%
Fruit du chêne 5 G Gland
82%
Opération militaire 4 R Raid
81%
Supporte le soulier 4 P Pied
76%
Couverture 5 P Plaid
76%
Aiguillon 4 D Dard
74%
Village 4 B Bled
73%
Au plus bas 4 F Fond
73%
Future grenouille 6 T Tétard
73%
Crustacé 6 H Homard
69%
Palmipède 6 C Canard
68%
Chef 4 C Caïd
66%
Reptile 6 L Lézard
66%
Coïncidence 6 H Hasard
65%
Goupil 6 R Renard
63%
Chanceux 7 V Veinard
63%
Félin 7 L Léopard
61%
Expression des yeux 6 R Regard
61%
Hôte d'avion 7 S Steward
61%
Prétentieux 7 V Vantard
60%
Drapeau 8 E Etendard
58%
Félin 7 G Guépard
58%
Mensonge 6 B Bobard
56%
Avenue 9 B Boulevard
56%
Civière 8 B Brancard
56%
Rural 10 C Campagnard
56%
Bord replié 6 R Rebord
56%
Ivrogne 7 S Soulard
56%
Entente 6 A Accord
55%
Porteur de lunettes 9 B Binoclard
55%
Explosif 6 P Pétard
55%
Partie de match 5 R Round
55%
Etal 5 S Stand
55%
Alpin 10 M Montagnard
53%
Vin vulgairement 6 P Pinard
53%
Grosse brume 10 B Brouillard
52%
Bandana 7 F Foulard
52%
Fugitif 6 F Fuyard
52%
Mésentente 9 D Désaccord
48%
Exploit 6 R Record
48%
Mauvais conducteur 9 C Chauffard
47%
Seigneur anglais 6 M Milord
47%
Serveuse 7 B Barmaid
45%
Grand parleur 6 B Bavard
45%
Vent froid 8 B Blizzard
45%
Dévoreur de cadavres 10 C Charognard
45%
Planche à roulettes 10 S Skateboard
45%
De sang mêlé 6 B Bâtard
44%
Peureux 6 C Couard
44%
Porte le numéro 7 D Dossard
44%
Cavalier militaire 7 H Hussard
42%
Rangement 7 P Placard
42%
Appareil instantané 8 P Polaroid
40%
Prisonnier 6 T Tôlard
40%
Eponge de l'écolier 6 B Buvard
39%
Parasite 6 C Cafard
39%
Gauche 6 B Babord
37%
Condamné 7 B Bagnard
37%
Trouillard 9 F Froussard
37%
Articulation 4 G Gond
37%
Commerçant 8 M Marchand
37%
Voyageur 7 R Routard
37%
Pièce de musique 4 L Lied
35%
Rivière 4 O Oued
35%
Grassouillet 11 R Rondouillard
35%
Ancêtre 9 V Vieillard
35%
Embuscade 10 T Traquenard
34%
Pleureur 8 G Geignard
32%
Gordien ? 4 N Noeud
32%
Pleureur 11 P Pleurnichard
32%
Prisonnier 7 T Taulard
32%
Froussard 10 T Trouillard
32%
Adroit 12 D Débrouillard
31%
Baie découpée 5 F Fjord
31%
Bien bâti 8 G Gaillard
31%
Pilote 6 M Motard
31%
Lit vulgairement 7 P Plumard
31%
Planche à neige 9 S Snowboard
31%
Jeu 7 B Billard
29%
Attention 5 E Egard
29%
Chauvin 14 F Franchouillard
29%
Dénonciateur 8 M Mouchard
29%
Casanier 11 P Pantouflard
29%
Classique 8 S Standard
29%
Droite 7 T Tribord
29%
Habitant des environs 11 B Banlieusard
27%
Vagabond 8 C Clochard
27%
Idiot 6 N Nigaud
26%
Puits 7 P Puisard
26%
Adjoint 6 S Second
26%
Texte juif 6 T Talmud
26%
Dernière voiture 10 C Corbillard
24%
Escabeau 10 M Marchepied
24%
Escroc 8 R Roublard
24%
Voyou 6 T Truand
24%
Bandit 7 B Brigand
23%
Oiseau 7 G Goéland
23%
Malchanceux 8 P Poissard
23%
Paresseux 8 F Flemmard
21%
Fureteur 8 F Fouinard
21%
Petit train 10 T Tortillard
21%
Cétacé 8 E Epaulard
19%
Voleur 7 P Pillard
19%
Arme 8 P Poignard
19%
Ecchymose 7 C Coquard
18%
Estrade du bourreau 8 E Echafaud
18%
Feuilleté 6 F Friand
18%
Vieux soldat 8 G Grognard
18%
Hurleur 8 G Gueulard
18%
Mauvais écrivain 13 S Scribouillard
18%
Soldat 7 S Soudard
18%
Mauvais cheval 6 T Tocard
18%
Poisson 9 C Cabillaud
16%
Résistant 9 M Maquisard
16%
Feuille 8 P Papelard
16%
Méchant homme 8 S Salopard
16%
Prêtre 8 R Révérend
15%
Artisan 9 T Tisserand
15%
Etoffe 5 T Tweed
15%
Motif 8 J Jacquard
13%
Oiseau 9 B Balbuzard
11%
Moqueur 9 G Goguenard
11%
Avide 8 G Gourmand
11%
Chevreuil 7 B Brocard
10%
Identifiant 8 B Brassard
8%
Désaccord 9 D Différend
8%
Agonisant 8 M Moribond
8%
Chauve-souris 9 O Oreillard
8%
Grande sardine 8 P Pilchard
8%
Au sommet 7 P Plafond
8%
Discrimination 9 A Apartheid
6%
Etudiant 7 T Thésard
6%
Support 7 T Trépied
6%
Ensemble musical 5 B Bagad
5%
Noble 6 B Boyard
5%
Bâtard 8 C Corniaud
5%
Chemineau 8 V Vagabond
5%
Péniche 7 C Chaland
3%
Futaille 4 M Muid
3%
Moyen de cuisson 7 R Réchaud
3%
Journal 7 T Tabloïd
3%
Grosse vis 8 T Tirefond
3%
Tournedos 13 C Chateaubriand
2%
Petit chevreuil 11 C Chevrillard
2%
Astucieux 9 C Combinard
2%
Vantard 6 F Faraud
2%
Compagnon de fête 8 F Flambard
2%
Coquin 6 M Maraud
2%
Grossiste 10 C Chevillard
0%
Faux pèlerin 10 C Coquillard
0%
Reptile 7 C Crapard
0%
Biscuit 10 S Shortbread
0%
Outil 6 T Taraud
0%
Aucun quiz correspondant
Distribution des résultats
% des personnes avec chaque résultat
Percentile par nombre de réponses
Votre historique - résultats
Vous n’avez pas pris ce quiz